000 00763nam a22002417a 4500
003 UA-OsUOA
001 69098
007 ta
008 20100607b un ||||| |||| 00| 0 ukr d
100 _aЛук'янов Д. В.
090 _a329
_bЛ84
942 _cBK
040 _aUA-OsUOA
_bukr
_cUA-OsUOA
_dUA-OsUOA
245 _aПолітичні партії в системі взаємодії громадянського суспільства та держави (роль та правове регулювання)
_bМонографія
300 _a320 с.
955 _a2
041 _aukr
080 _a329
020 _a978-966-458-025-7
260 _aХарків
_bПраво
_c2007
650 7 _a32 Політика
_2UDC
999 _c355349
_d355349